| 000 | 00451nam a2200181Ia 4500 | ||
|---|---|---|---|
| 005 | 20250326141157.0 | ||
| 008 | 250326s9999 xx 000 0 und d | ||
| 037 | _aTextbook | ||
| 040 |
_aFMSL _beng _cFMSL |
||
| 041 |
_aeng _2eng |
||
| 084 | _qFMSL | ||
| 100 |
_aPackard V _9739322 |
||
| 245 | 0 |
_aHidden persuaders _cPackard V |
|
| 260 |
_aLondon _bLondon, Penguin Books _c1981 |
||
| 300 | _a247p | ||
| 942 | _cTB | ||
| 999 |
_c1289076 _d1289076 |
||